| 000 | 00345nam a2200145 a 4500 | ||
|---|---|---|---|
| 001 | 3399 | ||
| 003 | CDMR | ||
| 005 | 20130116135244.0 | ||
| 008 | 130130s1999||||||||||||||||||||||||||||d | ||
| 040 |
_aCDMR _bcat _cCPC GIRONA |
||
| 100 | 1 |
_aTosca, Manuel _92447 |
|
| 245 | 1 | 0 |
_aSala de miralls _cTosca, Manuel |
| 260 |
_c1999 _bViena poesia |
||
| 942 | _cMON | ||
| 999 |
_c3399 _d3399 |
||